[Event "Chioggia op-C 11th"]
[Site "Chioggia"]
[Date "2016.10.07"]
[Round "1"]
[White "Carbone, Roberto"]
[Black "De Lorenzi, Giovanni"]
[Result "1-0"]
[WhiteElo "1437"]
[BlackElo "1337"]
[PlyCount "73"]
[EventDate "2016.10.07"]
[EventType "swiss"]
[EventRounds "5"]
[EventCountry "ITA"]
[SourceTitle "EXT 2022"]
[Source "ChessBase"]
[SourceDate "2021.10.06"]
[SourceVersion "1"]
[SourceVersionDate "2021.10.06"]
[SourceQuality "1"]

1. e4 e5 2. Nf3 Nc6 3. a3 Nf6 4. Nc3 a6 5. g3 d6 6. d3 Bg4 7. Bg2 Nd4 8. 0-0 Qd7 9. h3 Bxf3 10. Bxf3 Qxh3 11. Bg2 Qh5 12. f3 Qg6 13. g4 h6 14. Ne2 d5 15. Nxd4 Bc5 16. Be3 exd4 17. Bf2 0-0 18. c3 c6 19. cxd4 Be7 20. Rc1 h5 21. e5 Nh7 22. Re1 hxg4 23. fxg4 f5 24. gxf5 Rxf5 25. Rc2 Raf8 26. Re3 Qf7 27. Qe1 Ng5 28. Bh4 Rf4 29. Bg3 Rxd4 30. Rf2 Qh5 31. e6 Rxf2 32. Qxf2 Rg4 33. Re5 Nh3+ 34. Bxh3 Qxh3 35. Qf7+ Kh7 36. Rh5+ Qxh5 37. Qxh5+ 1-0